000 00876nas a2200265 4500
001 BR8802369
003 BR-BrBNA
005 20231205091122.0
007 ta
008 230509b bl.|||p| |||| 00| 00por d
040 _aBR-BrBNA
_bpor
_cBiblioteca Nacional de Agricultura
041 _a(Pt)
072 _aF04
100 1 _aSilva, F.L.I.M. da
100 1 _aRossiello, R.O.P.
100 1 _aFernandes, M.S.
245 1 _aNutricao amonical com e sem serve: efeitos sobre o crescimento radicular de milho
246 1 _aAmmonium - N nutrition, with and without N-serve: its effects on the growth of corn roots
650 _aMILHO
650 _aNITRIFICACAO
650 _aNUTRIENTE
773 0 _tPesquisa Agropecuaria Brasileira (Brazil)
_xISSN 0100-204X
_g(Jun 1987), v. 22(6) p.567-574
_wBR8802369
909 _a202311
_bLúcia
_c55
_dLúcia Elande
942 _2AGRIS
_n0
_cANA
999 _c122903
_d122903